ALL Cities in the New York Metropolitan Area - Statistics

General Stats
  • This quiz has been taken 99 times
  • The average score is 63 of 851
Answer Stats
City Population % Correct
New York 8,175,133
100%
Newark 277,140
87%
Yonkers 195,976
81%
Jersey City 247,597
80%
Elizabeth 124,969
66%
Paterson 146,199
66%
White Plains 56,853
63%
New Rochelle 77,062
60%
Hoboken 50,005
57%
Edison Township 99,967
53%
Hempstead 53,891
51%
Poughkeepsie 32,736
50%
Mount Vernon 67,292
49%
North Sea 4,458
49%
City of Orange Township 30,134
44%
Bayonne 63,024
41%
Islip 18,689
41%
Hackensack 43,010
40%
Montauk 3,326
40%
Perth Amboy 50,814
40%
Long Beach 33,275
39%
New Brunswick 55,181
39%
Oyster Bay 6,707
37%
Rye 15,720
37%
Fort Lee 35,345
36%
Union City 66,455
36%
Union Township 56,642
36%
East Orange 64,270
34%
Huntington 18,046
34%
Passaic 69,781
34%
Secaucus 16,264
34%
Babylon 12,166
33%
Tarrytown 11,277
33%
Garden City 22,371
31%
Woodbridge 19,265
31%
Port Chester 28,967
30%
East Hampton 1,083
29%
West Orange Township 46,207
29%
Linden 40,499
27%
Mamaroneck 18,929
27%
Mineola 18,799
27%
Nyack 6,765
27%
Freeport 42,860
26%
Newburgh 28,866
26%
Port Washington 15,846
26%
Southampton 3,109
26%
Great Neck 9,989
24%
Harrison 13,620 | 27,472
24%
Kingston 1,493
24%
Massapequa 21,685
24%
Peekskill 23,583
24%
Sleepy Hollow 9,870
24%
Clifton 84,136
23%
Farmingdale 1,329 | 8,189
23%
Glen Cove 26,964
23%
Hampton 1,401
23%
Lakewood 53,805
23%
Morristown 18,411
23%
North Valley Stream 16,628
23%
Pelham 6,910
23%
Stony Brook 13,740
23%
Stony Brook University 9,216
23%
Toms River 88,791
23%
Valley Stream 37,511
23%
West New York 49,708
23%
Asbury Park 16,116
21%
Bronxville 6,323
21%
Eastchester 19,554
21%
East Rutherford 8,913
21%
Irvington 6,420
21%
Irvington Township 53,926
21%
Nanuet 17,882
21%
Port Jefferson 7,750
21%
Riverhead 13,299
21%
Ronkonkoma 19,082
21%
Syosset 18,829
21%
Tuckahoe 1,373 | 6,486
21%
Washington Township 9,102
21%
Westhampton 3,079
21%
West Hampton Dunes 55
21%
Deer Park 27,745
20%
Dobbs Ferry 10,875
20%
Levittown 51,881
20%
New City 33,559
20%
Scarsdale 17,166
20%
Wayne Township 54,717
20%
Weehawken Township 12,554
20%
Woodbury 10,686 | 8,907
20%
Beacon 15,541
19%
Cold Spring 2,013
19%
Elmont 33,198
19%
Larchmont 5,864
19%
North Bergen Township 60,773
19%
Ossining 25,060
19%
West Islip 28,335
19%
Hastings-on-Hudson 7,849
17%
Hicksville 41,547
17%
Jefferson Valley-Yorktown 14,142
17%
Jericho 13,567
17%
Lindenhurst 27,253
17%
Rahway 27,346
17%
Ridge 13,336
17%
Rutherford 18,061
17%
South Orange Village Township 16,198
17%
Uniondale 24,759
17%
West Point 6,763
17%
Alpine 1,849
16%
Amityville 9,523
16%
Bay Shore 26,337
16%
Brentwood 60,664
16%
Brookhaven 3,451
16%
Central Islip 34,450
16%
Clinton 2,719
16%
Kearny 40,684
16%
Middletown 28,086
16%
Monroe 8,364
16%
Patchogue 11,798
16%
Rockville Centre 24,023
16%
Chappaqua 1,436
14%
Floral Park 15,863
14%
Haverstraw 11,910
14%
Hawthorne 18,791 | 4,586
14%
Huntington Station 33,029
14%
Long Branch 30,719
14%
Melville 18,985
14%
Paramus 26,342
14%
Plainfield 49,808
14%
Port Jervis 8,828
14%
Teaneck Township 39,776
14%
Valhalla 3,162
14%
Bergenfield 26,764
13%
Cold Spring Harbor 5,070
13%
Commack 36,124
13%
Dix Hills 26,892
13%
Englewood 27,147
13%
Fairfield Township 7,466
13%
Fishkill 2,171
13%
Franklin 5,045
13%
Franklin Square 29,320
13%
Freehold 12,052
13%
Guttenberg 11,176
13%
Locust Valley 3,406
13%
Merrick 22,097
13%
Metuchen 13,574
13%
New Hyde Park 9,712
13%
Point Pleasant 18,392
13%
Ridgewood 24,958
13%
South Amboy 8,631
13%
Summit 21,457
13%
Tappan 6,613
13%
Westbury 15,146
13%
West Nyack 3,439
13%
Bethpage 16,429
11%
East Meadow 38,132
11%
Edgewater 11,513
11%
Elmsford 4,664
11%
Fair Lawn 32,457
11%
Garfield 30,487
11%
Greenport 2,197
11%
Inwood 9,792
11%
Manhasset 8,080
11%
Massapequa Park 17,008
11%
Mastic 15,481
11%
Monsey 18,412
11%
Northport 7,401
11%
Nutley Township 28,370
11%
Old Bridge 23,753
11%
Plainview 26,217
11%
Roslyn 2,770
11%
Seaside Heights 2,887
11%
Spring Valley 31,347
11%
Suffern 10,723
11%
Teterboro 67
11%
West Babylon 43,213
11%
Ardsley 4,452
10%
Bridgehampton 1,756
10%
Caldwell 7,822
10%
Carteret 22,844
10%
Clark Township 14,756
10%
Cliffside Park 23,594
10%
Deal 750
10%
East Brunswick Township 47,512
10%
East Islip 14,475
10%
Fairview 13,835 | 3,099 | 3,806 | 5,515
10%
Fire Island 292
10%
Hartsdale 5,293
10%
Hyde Park 1,908
10%
Kiryas Joel 20,175
10%
Lodi 24,136
10%
Northampton 570
10%
Oceanside 32,109
10%
Orangeburg 4,568
10%
Pelham Manor 5,486
10%
Quogue 967
10%
Ramsey 14,473
10%
Ridgefield 11,032
10%
Rockaway 6,438
10%
Rye Brook 9,347
10%
Smithtown 26,470
10%
Springfield Township 15,817
10%
Tenafly 14,488
10%
West Hempstead 18,862
10%
Wyckoff Township 16,696
10%
Airmont 8,628
9%
Armonk 4,330
9%
Brewster 2,390
9%
Briarcliff Manor 7,867
9%
Chatham 8,962
9%
Chester 1,649 | 3,969
9%
Closter 8,373
9%
Congers 8,363
9%
Croton-on-Hudson 8,070
9%
Dumont 17,479
9%
Franklin Lakes 10,590
9%
Katonah 1,679
9%
Lawrence 6,483
9%
Livingston Township 29,366
9%
Lloyd Harbor 3,660
9%
Mahopac 8,369
9%
Old Tappan 5,750
9%
Oradell 7,978
9%
Orient 743
9%
Palisades Park 19,622
9%
Park Ridge 8,645
9%
Pleasantville 7,019
9%
Raritan 6,881
9%
Rumson 7,122
9%
Saddle Brook Township 13,659
9%
Saddle River 3,152
9%
Sands Point 2,675
9%
Sayville 16,853
9%
Seaford 15,294
9%
Shelter Island 1,333
9%
Thornwood 3,759
9%
Wantagh 18,871
9%
West Caldwell Township 10,759
9%
Allendale 6,505
7%
Amagansett 1,165
7%
Atlantic Beach 1,891
7%
Baldwin 24,033
7%
Bayville 6,669
7%
Bedford 1,834
7%
Belmar 5,794
7%
Berkeley Heights Township 13,183
7%
Bogota 8,187
7%
Demarest 4,881
7%
East Northport 20,217
7%
Greenlawn 13,742
7%
Hamburg 3,277
7%
Harrington Park 4,664
7%
Haworth 3,382
7%
Ho-Ho-Kus 4,078
7%
Kings Park 17,282
7%
Lake Success 2,934
7%
Laurel 1,394
7%
Leonia 8,937
7%
Lyndhurst Township 20,554
7%
Madison 15,845
7%
Maplewood Township 23,867
7%
Mastic Beach 12,930
7%
Medford 24,142
7%
Middlesex 13,635
7%
Milford 1,021 | 1,233
7%
Montebello 4,526
7%
Newton 7,997
7%
North Brunswick Township 40,742
7%
North Caldwell 6,183
7%
Norwood 5,711
7%
Old Westbury 4,671
7%
Red Bank 12,206
7%
Ridgefield Park 12,729
7%
Rochelle Park Township 5,530
7%
Roosevelt 16,258 | 882
7%
Sag Harbor 2,169
7%
Shirley 27,854
7%
St. James 13,338
7%
Tinton Falls 17,892
7%
Upper Saddle River 8,208
7%
Wappingers Falls 5,522
7%
Warwick 6,731
7%
Watchung 5,801
7%
West Milford Township 25,850
7%
Westwood 10,908
7%
Yaphank 5,945
7%
Atlantic Highlands 4,385
6%
Bay Head 968
6%
Bellport 2,084
6%
Blue Point 4,773
6%
Carlstadt 6,127
6%
Cedarhurst 6,592
6%
Centereach 31,578
6%
Centerport 5,508
6%
Coram 39,113
6%
Cranford Township 22,625
6%
Cresskill 8,573
6%
Dover 18,157
6%
Englewood Cliffs 5,281
6%
Gilgo 131
6%
Glen Rock 11,601
6%
Goshen 5,454
6%
Great Neck Plaza 6,707
6%
Haledon 8,318
6%
Hauppauge 20,882
6%
Hewlett 6,819
6%
Highlands 5,005
6%
Hillsdale 10,219
6%
Kings Point 5,005
6%
Lake Ronkonkoma 20,155
6%
Lynbrook 19,427
6%
Malverne 8,514
6%
Manasquan 5,897
6%
Mattituck 4,219
6%
Maywood 9,555
6%
Moonachie 2,708
6%
New Milford 16,341
6%
New Square 6,944
6%
New Windsor 8,922
6%
North Babylon 17,509
6%
Oakland 12,754
6%
Point Pleasant Beach 4,665
6%
River Edge 11,340
6%
River Vale Township 9,659
6%
Rockleigh 531
6%
Saltaire 37
6%
Sayreville 42,704
6%
Scotch Plains Township 23,510
6%
Sea Cliff 4,995
6%
Selden 19,851
6%
South Hempstead 3,243
6%
South Huntington 9,422
6%
South Plainfield 23,385
6%
Stewart Manor 1,896
6%
Sussex 2,130
6%
Totowa 10,804
6%
Westfield 30,316
6%
West Haverstraw 10,165
6%
Woodmere 17,121
6%
Wood-Ridge 7,626
6%
Yorktown Heights 1,781
6%
Bayport 8,896
4%
Bellerose 1,193
4%
Bellmore 16,218
4%
Bloomingdale 7,656
4%
Bohemia 10,180
4%
Boonton 8,347
4%
Brookville 3,465
4%
Carle Place 4,981
4%
Crugers 1,534
4%
East Hills 6,955
4%
East Newark 2,406
4%
East Quogue 4,757
4%
Elmwood Park 19,403
4%
Elwood 11,177
4%
Emerson 7,401
4%
Essex Fells 2,113
4%
Fanwood 7,318
4%
Fort Salonga 10,008
4%
Glen Ridge 7,527
4%
Great Neck Estates 2,761
4%
Hillcrest 7,558
4%
Holbrook 27,195
4%
Hopatcong 15,147
4%
Huntington Bay 1,425
4%
Islandia 3,335
4%
Kaser 4,724
4%
Kenilworth 7,914
4%
Lake Grove 11,163
4%
Lakehurst 2,654
4%
Little Ferry 10,626
4%
Manorhaven 6,556
4%
Mendham 4,981
4%
Mill Neck 997
4%
Montrose 2,731
4%
Montvale 7,844
4%
Moriches 2,838
4%
Morris Plains 5,532
4%
Mount Sinai 12,118
4%
New Providence 12,171
4%
New Suffolk 349
4%
North Bay Shore 18,944
4%
North Haledon 8,417
4%
North Hills 5,075
4%
North Plainfield 21,936
4%
Northvale 4,640
4%
Noyack 3,568
4%
Old Bethpage 5,523
4%
Pawling 2,347
4%
Pearl River 15,876
4%
Peconic 683
4%
Plandome 1,349
4%
Pomona 3,103
4%
Prospect Park 5,865
4%
Red Hook 1,961
4%
Ringwood 12,228
4%
Riverdale 3,559
4%
Riverside 2,911
4%
Roselle 21,085
4%
Saddle Rock 830
4%
Saddle Rock Estates 466
4%
Sea Bright 1,412
4%
Sloatsburg 3,039
4%
Somerville 12,098
4%
Southold 5,748
4%
Spring Lake 2,993
4%
Springs 6,592
4%
Stony Point 12,147
4%
Thiells 5,032
4%
Thomaston 2,617
4%
Tuxedo Park 623
4%
Valley Cottage 9,107
4%
Verona Township 13,332
4%
Waldwick 9,625
4%
Wallington 11,335
4%
Water Mill 1,559
4%
Woodcliff Lake 5,730
4%
Albertson 5,182
3%
Allentown 1,828
3%
Andover 606
3%
Arlington 4,061
3%
Barnegat 2,817
3%
Bound Brook 10,402
3%
Bradley Beach 4,298
3%
Buchanan 2,230
3%
Butler 7,539
3%
Cedar Grove Township 12,411
3%
Center Moriches 7,580
3%
Chestnut Ridge 7,916
3%
Copiague 22,993
3%
Cornwall-on-Hudson 3,018
3%
Cove Neck 286
3%
Cranbury 2,181
3%
Dering Harbor 11
3%
Dover Plains 1,323
3%
East Farmingdale 6,484
3%
East Freehold 4,894
3%
East Massapequa 19,069
3%
East Moriches 5,249
3%
Eastport 1,831
3%
East Rockaway 9,818
3%
Eatontown 12,709
3%
Far Hills 919
3%
Farmingville 15,481
3%
Fishers Island 236
3%
Flemington 4,581
3%
Fort Montgomery 1,571
3%
Garden City Park 7,806
3%
Garwood 4,226
3%
Glen Head 4,697
3%
Great River 1,489
3%
Greenvale 1,094
3%
Greenville 7,116
3%
Hampton Bays 13,603
3%
Harriman 2,424
3%
Hasbrouck Heights 11,842
3%
Head of the Harbor 1,472
3%
Highland Falls 3,900
3%
Highland Park 13,982
3%
Hillburn 951
3%
Hillside Township 21,404
3%
Holtsville 19,714
3%
Hopewell Junction 376
3%
Iselin 18,695
3%
Islip Terrace 5,389
3%
Kensington 1,161
3%
Kinnelon 10,248
3%
Lake Como 1,759
3%
Lavallette 1,875
3%
Lido Beach 2,897
3%
Lincoln Park 10,521
3%
Manorville 14,314
3%
Manville 10,344
3%
Middle Island 10,483
3%
Millbrook 1,452
3%
Miller Place 12,339
3%
Monmouth Beach 3,279
3%
Mount Kisco 10,877
3%
Muttontown 3,497
3%
Napeague 200
3%
Nesconset 13,387
3%
Nissequogue 1,749
3%
North Amityville 17,862
3%
North Arlington 15,392
3%
North Bellport 11,545
3%
North Haven 833
3%
North Lindenhurst 11,652
3%
North Massapequa 17,886
3%
North Merrick 12,272
3%
Northville 1,340
3%
Northwest Harbor 3,317
3%
Oakdale 7,974
3%
Old Field 918
3%
Oyster Bay Cove 2,197
3%
Piermont 2,510
3%
Plainedge 8,817
3%
Plandome Heights 1,005
3%
Pompton Lakes 11,097
3%
Port Washington North 3,154
3%
Rhinebeck 2,657
3%
Rhinecliff 425
3%
Rocky Point 14,014
3%
Roselle Park 13,297
3%
Roslyn Harbor 1,051
3%
Russell Gardens 945
3%
Salisbury 12,093
3%
Sea Girt 1,828
3%
Seaside Park 1,579
3%
Shelter Island Heights 1,048
3%
Shinnecock Hills 2,188
3%
Sparkill 1,565
3%
Terryville 11,849
3%
Upper Nyack 2,063
3%
Verplanck 1,729
3%
Washingtonville 5,899
3%
West Bay Shore 4,648
3%
West Freehold 13,613
3%
Westhampton Beach 1,721
3%
West Hills 5,592
3%
Allenhurst 496
1%
Amenia 955
1%
Annandale 1,695
1%
Asharoken 654
1%
Avenel 17,011
1%
Avon-by-the-Sea 1,901
1%
Baiting Hollow 1,642
1%
Bardonia 4,108
1%
Barnegat Light 574
1%
Baxter Estates 999
1%
Baywood 7,350
1%
Beachwood 11,045
1%
Bedford Hills 3,001
1%
Bellerose Terrace 2,198
1%
Bernardsville 7,707
1%
Blauvelt 5,689
1%
Bloomsbury 870
1%
Branchville 841
1%
Brielle 4,774
1%
Brightwaters 3,103
1%
Califon 1,076
1%
Calverton 6,510
1%
Carmel Hamlet 6,817
1%
Centre Island 410
1%
Crompond 2,292
1%
Crown Heights 2,840
1%
Dunellen 7,227
1%
East Garden City 6,208
1%
East Marion 926
1%
East Patchogue 22,469
1%
East Shoreham 6,666
1%
East Williston 2,556
1%
Eatons Neck 1,406
1%
Englishtown 1,847
1%
Fair Haven 6,121
1%
Florham Park 11,696
1%
Florida 2,833
1%
Flower Hill 4,665
1%
Franklin Park 13,295
1%
Glen Gardner 1,704
1%
Golden's Bridge 1,630
1%
Gordon Heights 4,042
1%
Grand View-on-Hudson 285
1%
Great Neck Gardens 1,186
1%
Harbor Hills 575
1%
Harvey Cedars 337
1%
Helmetta 2,178
1%
Hewlett Bay Park 404
1%
Hewlett Neck 445
1%
High Bridge 3,648
1%
Jamesburg 5,915
1%
Jamesport 1,710
1%
Keansburg 10,105
1%
Keyport 7,240
1%
Lake Carmel 8,282
1%
Lake Mohawk 9,916
1%
Lakeview 5,615
1%
Lattingtown 1,739
1%
Laurel Hollow 1,952
1%
Little Silver 5,950
1%
Loch Arbour 194
1%
Manhasset Hills 3,592
1%
Matinecock 810
1%
Millstone 418
1%
Milltown 6,893
1%
Montgomery 3,814
1%
Mountain Lakes 4,160
1%
Mountainside 6,685
1%
Mount Ivy 6,878
1%
Neptune City 4,869
1%
Netcong 3,232
1%
New Egypt 2,512
1%
New Hempstead 5,132
1%
North New Hyde Park 14,899
1%
North Patchogue 7,246
1%
North Wantagh 11,960
1%
Ocean Beach 79
1%
Ocean Grove 3,342
1%
Oceanport 5,832
1%
Ogdensburg 2,410
1%
Otisville 1,068
1%
Peapack and Gladstone 2,582
1%
Pine Plains 1,353
1%
Plandome Manor 872
1%
Pleasant Valley 1,145
1%
Point Lookout 1,219
1%
Poquott 953
1%
Port Jefferson Station 7,838
1%
Remsenburg-Speonk 2,642
1%
Rocky Hill 682
1%
Roslyn Estates 1,251
1%
Roslyn Heights 6,577
1%
Sagaponack 313
1%
Salisbury Mills 536
1%
Searingtown 4,915
1%
Shoreham 531
1%
Short Hills 13,165
1%
Shrewsbury 3,809
1%
Somerset 22,083
1%
Sound Beach 7,612
1%
South Bound Brook 4,563
1%
South Farmingdale 14,486
1%
South River 16,008
1%
South Toms River 3,684
1%
Spotswood 8,257
1%
Spring Lake Heights 4,713
1%
Staatsburg 377
1%
Stanhope 3,610
1%
Tivoli 1,118
1%
University Gardens 4,226
1%
Upper Brookville 1,698
1%
Village of the Branch 1,807
1%
Voorhees 976
1%
Wading River 7,719
1%
Wainscott 650
1%
Washington Heights 1,689
1%
West Long Branch 8,097
1%
Weston 1,235
1%
West Sayville 5,011
1%
Wharton 6,522
1%
Wheatley Heights 5,130
1%
Williston Park 7,287
1%
Woodland Park 11,819
1%
Wyandanch 11,647
1%
Allenwood 925
0%
Aquebogue 2,438
0%
Baldwin Harbor 8,102
0%
Balmville 3,178
0%
Barnum Island 2,414
0%
Bay Park 2,212
0%
Beach Haven 1,170
0%
Beach Haven West 3,896
0%
Beaver Dam Lake 2,242
0%
Belford 1,768
0%
Belle Mead 216
0%
Belle Terre 792
0%
Birchwood Lakes 1,386
0%
Blackwells Mills 803
0%
Blawenburg 280
0%
Bradley Gardens 14,206
0%
Brewster Hill 2,089
0%
Brinckerhoff 2,900
0%
Brookdale 9,239
0%
Brownville 2,383
0%
Budd Lake 8,968
0%
Byram Center 90
0%
Cedar Glen Lakes 1,421
0%
Cedar Glen West 1,267
0%
Clearbrook Park 2,667
0%
Cliffwood Beach 3,194
0%
Clyde 213
0%
Colonia 17,795
0%
Conashaugh Lakes 1,294
0%
Concordia 3,092
0%
Crandon Lakes 1,178
0%
Crestwood Village 7,907
0%
Cutchogue 3,349
0%
Dayton 7,063
0%
Dover Beaches North 1,239
0%
Dover Beaches South 1,209
0%
East Atlantic Beach 2,049
0%
East Franklin 8,669
0%
East Hampton North 4,142
0%
East Millstone 579
0%
East Norwich 2,709
0%
East Rocky Hill 469
0%
Fawn Lake Forest 755
0%
Finderne 5,600
0%
Firthcliffe 4,949
0%
Flanders 4,472
0%
Fords 15,187
0%
Forked River 5,244
0%
Franklin Center 4,460
0%
Freedom Plains 421
0%
Frenchtown 1,373
0%
Garden City South 4,024
0%
Gardnertown 4,373
0%
Glenwood Landing 3,779
0%
Gold Key Lake 1,830
0%
Green Knoll 6,200
0%
Greenport West 2,124
0%
Greenwood Lake 3,154
0%
Griggstown 819
0%
Halesite 2,498
0%
Harbor Isle 1,301
0%
Harlingen 297
0%
Haviland 3,634
0%
Heathcote 5,821
0%
Hemlock Farms 3,271
0%
Heritage Hills 3,975
0%
Herricks 4,295
0%
Hewlett Harbor 1,263
0%
Highland Lake 4,933
0%
Hillside Lake 1,084
0%
Holiday City-Berkeley 12,831
0%
Holiday City South 3,689
0%
Holiday Heights 2,099
0%
Interlaken 820
0%
Island Heights 1,673
0%
Island Park 4,655
0%
Kendall Park 9,339
0%
Kenvil 3,009
0%
Lake Mohegan 6,010
0%
Lake Telemark 1,255
0%
Lambertville 3,906
0%
Laurence Harbor 6,536
0%
Lebanon 1,358
0%
Leisure Knoll 2,490
0%
Leisure Village 4,400
0%
Leisure Village East 4,217
0%
Leisure Village West 3,493
0%
Leonardo 2,757
0%
Lincolndale 1,521
0%
Lincroft 6,135
0%
Long Valley 1,879
0%
Madison Park 7,144
0%
Malverne Park Oaks 505
0%
Manahawkin 2,303
0%
Mantoloking 296
0%
Martinsville 11,980
0%
Masthope 685
0%
Matamoras 2,469
0%
Matawan 8,810
0%
Maybrook 2,958
0%
Mechanicstown 6,858
0%
Merritt Park 1,256
0%
Middlebush 2,326
0%
Midland Park 7,128
0%
Millerton 958
0%
Monmouth Junction 2,887
0%
Morganville 5,040
0%
Mountain Lodge Park 1,588
0%
Mount Arlington 5,050
0%
Munsey Park 2,693
0%
Myers Corner 6,790
0%
Mystic Island 8,493
0%
Navesink 2,020
0%
Nelsonville 628
0%
New Cassel 14,059
0%
North Beach Haven 2,235
0%
North Bellmore 19,941
0%
North Great River 4,001
0%
North Lynbrook 793
0%
North Middletown 3,295
0%
Oak Beach-Captree 286
0%
Oakhurst 3,995
0%
Ocean Acres 16,142
0%
Ocean Gate 2,011
0%
Old Brookville 2,134
0%
Orange Lake 6,982
0%
Peach Lake 1,629
0%
Pine Beach 2,127
0%
Pine Bush 1,780
0%
Pine Lake Park 8,707
0%
Pine Ridge 2,707
0%
Pine Ridge at Crestwood 2,369
0%
Plainsboro Center 2,712
0%
Pleasant Plains 922
0%
Pocono Mountain Lake Estates 842
0%
Pocono Ranch Lands 1,062
0%
Pocono Woodland Lakes 3,209
0%
Port Monmouth 3,818
0%
Port Reading 3,728
0%
Princeton Meadows 13,834
0%
Putnam Lake 3,844
0%
Quiogue 816
0%
Ramtown 6,242
0%
Red Oaks Mill 3,613
0%
Robertsville 11,297
0%
Roseland 5,819
0%
Ross Corner 13
0%
Rossmoor 2,666
0%
Salt Point 190
0%
Saw Creek 4,016
0%
Scotchtown 9,212
0%
Scotts Corners 711
0%
Setauket-East Setauket 15,477
0%
Sewaren 2,756
0%
Shark River Hills 3,697
0%
Shenorock 1,898
0%
Ship Bottom 1,156
0%
Shrub Oak 2,011
0%
Silver Lake 4,243
0%
Silver Ridge 1,133
0%
Singac 3,618
0%
Six Mile Run 3,184
0%
Skillman 242
0%
Society Hill 3,829
0%
South Blooming Grove 3,234
0%
South Floral Park 1,764
0%
South Nyack 3,510
0%
South Valley Stream 5,962
0%
Spackenkill 4,123
0%
Stockton 538
0%
Strathmore 7,258
0%
Succasunna 9,152
0%
Sunrise Lake 1,387
0%
Surf City 1,205
0%
Ten Mile Run 1,959
0%
Titusville 811
0%
Tuckerton 3,347
0%
Union Beach 6,245
0%
Unionville 612
0%
Upper Montclair 11,565
0%
Vails Gate 3,369
0%
Vernon Center 1,713
0%
Vernon Valley 1,626
0%
Victory Gardens 1,520
0%
Viola 6,868
0%
Vista Center 2,095
0%
Walden 6,978
0%
Walton Park 2,669
0%
Wanamassa 4,532
0%
Wanaque 11,116
0%
Waretown 1,569
0%
Wesley Hills 5,628
0%
West Belmar 2,493
0%
White House Station 2,089
0%
White Meadow Lake 8,836
0%
Whittingham 2,476
0%
Woodsburgh 778
0%
Yorketown 6,535
0%
Zarephath 37
0%
No matching quizzes found
Score Distribution
Percent of People with Each Score
Percentile by Number Answered
Your Score History
You have not taken this quiz